Delaying postharvest senescence of cut flowers using nitric oxide (Record no. 8562)
[ view plain ]
| 000 -LEADER | |
|---|---|
| fixed length control field | 00254nam a22001097a 4500 |
| 040 ## - CATALOGING SOURCE | |
| Transcribing agency | SP |
| 082 ## - DEWEY DECIMAL CLASSIFICATION NUMBER | |
| Classification number | 635 |
| 100 ## - MAIN ENTRY--AUTHOR NAME | |
| Personal name | Bowyer. M.C |
| 245 ## - TITLE STATEMENT | |
| Title | Delaying postharvest senescence of cut flowers using nitric oxide |
| 260 ## - PUBLICATION, DISTRIBUTION, ETC. (IMPRINT) | |
| Place of publication | RIRDC |
| Name of publisher | BOW |
| Year of publication | 2003 |
| 942 ## - ADDED ENTRY ELEMENTS (KOHA) | |
| Koha item type | សៀវភៅភាសាអង់គ្លេស |
| 952 ## - LOCATION AND ITEM INFORMATION (KOHA) | |
| Withdrawn status [LOCAL, KOHA] | 0 |
| 952 ## - LOCATION AND ITEM INFORMATION (KOHA) | |
| Withdrawn status [LOCAL, KOHA] | 0 |
| Permanent Location | Date acquired | Koha item type | Lost status | Barcode | Shelving location | Current Location | Full call number |
|---|---|---|---|---|---|---|---|
| Library Block C | 2016-08-05 | សៀវភៅភាសាអង់គ្លេស | RUA046093 | Library Block C | 635 BOW 2003 | ||
| Library Block C | 2016-10-14 | សៀវភៅភាសាអង់គ្លេស | RUA045184 | C252 | Library Block C | 635 BOW 2003 C252 |